What it sounds like - Huntrix, Kpop demon hunters lyrics - Statistics

General Stats
  • This quiz has been taken 333 times
    320 since last reset
  • The average score is 379 of 478
Answer Stats
Answer % Correct
I
98%
what
97%
a
96%
it,
96%
it
96%
the
96%
like
95%
like),
95%
so
95%
sounds
94%
(sounds
94%
thi
93%
we
92%
We
92%
in
91%
is
90%
and
89%
And
89%
my
88%
no
88%
of
88%
this
88%
This
88%
me,
87%
me
87%
to
87%
be
86%
broke
86%
harmony
86%
can’t
85%
back
84%
but
84%
go
84%
million
84%
now
84%
darkness
83%
pieces,
82%
voice
82%
broken
81%
glass
81%
Not
81%
not
81%
why
81%
lies
80%
lies,
80%
par
80%
all
79%
are
79%
head
79%
head?
79%
inside
79%
into
79%
without
79%
you
79%
did
78%
instead
78%
light
78%
light,
78%
up
78%
am
77%
part
77%
cover
76%
I’m
76%
Nothing
76%
nothing
76%
beauty
75%
couldn’t
75%
let
75%
meet
75%
song
75%
truth
75%
your
74%
side
73%
colors
72%
our
72%
scars
72%
seeing
72%
stuck
72%
We’re
72%
we’re
72%
were
72%
write,
72%
tried
71%
fight
70%
I’ll
70%
on
70%
don’t
69%
find
69%
us
69%
edges
68%
here
68%
show
67%
by
66%
demons,
66%
fix
66%
jagged
65%
patterns
65%
should’ve
65%
underneath,
65%
ashamed
64%
right
64%
that
64%
trust
64%
understand
64%
what’s
64%
heart
63%
know
63%
was
63%
came
62%
didn’t
62%
get
62%
(oh
62%
oh,
62%
oh
62%
oh),
62%
oh)
62%
(Oh
62%
proof
62%
them
62%
between
61%
(between,
61%
even
61%
heroes,
61%
things
61%
from,
60%
liars
60%
still
60%
out
59%
survivors
59%
cowards,
58%
divided
58%
none
58%
own
57%
twisted,
57%
alone”
56%
collided
56%
listened
56%
tired
52%
worst
52%
“you’re
52%
dreamers,
51%
fighters,
51%
voices
51%
fearless
50%
Fearless
50%
silence,
50%
fire,
49%
lying,
49%
undefined,
48%
dive
46%
when
45%
rising,
43%
shattering
43%
shouting
42%
time,
42%
meets
40%
quiet,
40%
combined
36%
defiant
36%
after
35%
hey!
35%
(ah)
31%
ah)
31%
No matching quizzes found
Score Distribution
Percent of People with Each Score
Percentile by Number Answered
Your Score History
You have not taken this quiz since the last reset